The comprehension toolkit strategy cluster 6: Summarize and Synthesize (Record no. 25386)

MARC details
000 -LEADER
fixed length control field 00521nam a22001697a 4500
003 - CONTROL NUMBER IDENTIFIER
control field OSt
005 - DATE AND TIME OF LATEST TRANSACTION
control field 20260629125435.0
008 - FIXED-LENGTH DATA ELEMENTS--GENERAL INFORMATION
fixed length control field 260629b |||||||| |||| 00| 0 eng d
040 ## - CATALOGING SOURCE
Transcribing agency Chuka University Library
050 ## - LIBRARY OF CONGRESS CALL NUMBER
Classification number LB 1590.3 .H37 2005
100 ## - MAIN ENTRY--PERSONAL NAME
Personal name Harvey Stephanie
9 (RLIN) 27917
245 ## - TITLE STATEMENT
Title The comprehension toolkit strategy cluster 6: Summarize and Synthesize
260 ## - PUBLICATION, DISTRIBUTION, ETC.
Place of publication, distribution, etc. Portsmouth , NH
Name of publisher, distributor, etc. Heinemann
Date of publication, distribution, etc. 2005
300 ## - PHYSICAL DESCRIPTION
Extent 67 p
Other physical details colored illustrations
650 ## - SUBJECT ADDED ENTRY--TOPICAL TERM
Topical term or geographic name entry element Strategy cluster 6
9 (RLIN) 31551
942 ## - ADDED ENTRY ELEMENTS (KOHA)
Source of classification or shelving scheme Library of Congress Classification
Koha item type Long Loan Books
Suppress in OPAC No
Holdings
Withdrawn status Lost status Source of classification or shelving scheme Damaged status Not for loan Collection Home library Current library Shelving location Date acquired Source of acquisition Cost, normal purchase price Total Checkouts Full call number Barcode Date last seen Price effective from Koha item type
    Library of Congress Classification     General Collection Books Main Campus Library Main Campus Library General Stacks 29/06/2026 Donations from books for Africa 3225.00   LB 1590.3 .H37 2005 35796/2026 29/06/2026 29/06/2026 Long Loan Books

Powered by Koha